Sanat - ”Oi beibi” - Raptori - Statistics

Yleistilastot
  • Tätä visaa on pelattu 447 kertaa
  • Keskiarvotulos 121 / 213
Vastaustilastot
Sanat % Oikein
Oi,
99%
on
89%
On
89%
isäsi
88%
sua
88%
Beibi,
87%
jo
87%
Miksi
87%
miksi
87%
rovasti
84%
ihmeessä
83%
kyllä,
83%
kyllä
83%
83%
82%
faijasi
81%
kovasti,
81%
kovasti
81%
en
80%
rakastan
80%
jos
78%
Tahtoisin
77%
niin
75%
olla
75%
sun
75%
saa?
73%
tietää
73%
itsekkin
72%
koskettaa
72%
kanssasi
70%
beibe,
69%
Beibe,
69%
ihana
69%
millai.
69%
olen
69%
sillai,
69%
sillai....
69%
sillai...
69%
sillai.....
69%
Entä
67%
oikein
66%
pimppaan.
65%
sulla
64%
Tiedäthän
64%
varvas!
64%
ajaisimme.
63%
kyllästynyt
63%
olenkin
63%
pelkkään
63%
kimppaan,
62%
mukaan
62%
nyt
62%
vaan,
62%
Ah,
61%
aina
61%
Auringonlaskuun
61%
ei
61%
ja
61%
Muuten
61%
muuten
61%
kaunis
60%
mut.
60%
otetaan
59%
Otetaan
59%
suutelisimme
59%
tai
59%
minä
57%
toisiamme
57%
kokeilla
56%
ryhmäseksiä.
56%
voisimme
56%
haittaa
55%
Kun
55%
kun
55%
meitä
54%
Olet
54%
kesäyö
53%
taisin
53%
keksiä,
52%
voimakas
52%
koulutyö
51%
mitä
49%
Mitä
49%
paiskasi.
49%
raiskasi
49%
seinään
49%
eno
48%
minut
48%
antanut
47%
mun
47%
Pienenä
46%
Haluaisin
45%
sut,
45%
sut
45%
Tule
45%
neitsyyden
44%
oot
44%
rusketusraitasi
44%
ihanat
43%
Nähdä
43%
toisiltamme
43%
veimme.
43%
elämän
42%
nainen.
42%
myös
41%
muistamaan
40%
silloin
40%
Toivottavasti
40%
riisua
39%
säkin
39%
Tulen
39%
Ehkä
38%
paitasi
38%
kylpyhuoneessa
37%
siksi
37%
sinua
37%
tämänlainen,
36%
täytyy
36%
lennän
35%
luoksesi.
35%
mormoni?
35%
mua
35%
mummoni,
35%
pakastan
35%
rakastella,
35%
teimme,
34%
juuri
33%
kaasuhella,
33%
suudella
33%
kuinka
32%
Mutta
32%
tykkii.
32%
erittyy
31%
tätä
31%
ryhtyä.
29%
tajusi,
29%
vuoksesi
29%
kutsuu
28%
tahansa
28%
teen
28%
erä.
27%
housuissa
27%
sykkii
27%
tappoon
27%
tsiigaa
27%
nään
26%
onkaan
24%
partaterä,
24%
tänne
24%
viitsisi
24%
yhtyä,
23%
muotosi,
22%
hirttoköysi
21%
ihmettelen
21%
omakseni
19%
ruotosi.
19%
hajusi,
18%
kokonaan
13%
Huvittaisi
9%
hormoonii
5%
Ehtoja vastaavia visoja ei löytynyt
Tulosjakauma
Jokaisen tuloksen saaneiden osuus
Persentiili vastausten määrän mukaan
Tuloshistoriasi
Et ole pelannut tätä visaa